| 000 | 00658nam a2200265Ia 4500 | ||
|---|---|---|---|
| 005 | 20260324152555.0 | ||
| 008 | 008 260324s9999 xx 000 0 eng d | ||
| 020 | _a9780444632593 | ||
| 037 | _aEBOOK | ||
| 040 | _aCRL | ||
| 040 | _beng | ||
| 040 | _cCRL | ||
| 041 | _2eng | ||
| 041 | _aeng | ||
| 084 | _qCRL | ||
| 100 |
_aMorreale, Bryan _91229161 |
||
| 245 | 0 | _aNovel Materials for Carbon Dioxide Mitigation Technology | |
| 260 | _bElsevier | ||
| 260 | _c2015 | ||
| 650 | _aChemical Engineering | ||
| 856 | _uhttps://www.sciencedirect.com/science/book/9780444632593 | ||
| 942 | _cEBOOK | ||
| 999 |
_c1839854 _d1839854 |
||